00989cam a22002897a 4500001001000000003000500010005001700015008004100032010001000073011001000083020001500093035001000108040000900118082001600127100002100143245018600164260004300350300002000393410005800413490003100471650002700502650002500529650004000554700001600594810005800610830003100668000089082CHAP20220329142612.0010926d2000 mx r 00110 spa d a85552 a86524 a0851994814 a97062 cCHAP00a628.53bI2500aInnes, J.L.eed.10aAir pollution and the forests of developing and rapidly industrializing regions :breport No. 4 of the IUFRO task force on environmental change /c/ed. by J.L. Innes and A.H. Haron. aWallingford :bCABI Publishing,c2000. a262 p. :bilus.00aInternational Union of Forestry Research Organization 0aIUFRO research seriesv; 414aAirexContaminación.14aBosquesxEcología.14aBosquesxEfecto del medio ambiente.0 aHaron. A.H.00aInternational Union of Forestry Research Organization00aIUFRO research seriesv; 4